<?xml version="1.0" encoding="UTF-8"?><?xml-stylesheet type="text/xsl" href="static/style.xsl"?><OAI-PMH xmlns="http://www.openarchives.org/OAI/2.0/" xmlns:xsi="http://www.w3.org/2001/XMLSchema-instance" xsi:schemaLocation="http://www.openarchives.org/OAI/2.0/ http://www.openarchives.org/OAI/2.0/OAI-PMH.xsd"><responseDate>2026-06-01T23:55:56Z</responseDate><request verb="GetRecord" identifier="oai:riuma.uma.es:10630/25277" metadataPrefix="marc">https://riuma.uma.es/rest/oai/request</request><GetRecord><record><header><identifier>oai:riuma.uma.es:10630/25277</identifier><datestamp>2026-02-03T10:24:07Z</datestamp><setSpec>com_10630_1685</setSpec><setSpec>col_10630_38055</setSpec></header><metadata><record xmlns="http://www.loc.gov/MARC21/slim" xmlns:dcterms="http://purl.org/dc/terms/" xmlns:doc="http://www.lyncode.com/xoai" xmlns:xsi="http://www.w3.org/2001/XMLSchema-instance" xsi:schemaLocation="http://www.loc.gov/MARC21/slim http://www.loc.gov/standards/marcxml/schema/MARC21slim.xsd">
   <leader>00925njm 22002777a 4500</leader>
   <datafield ind2=" " ind1=" " tag="042">
      <subfield code="a">dc</subfield>
   </datafield>
   <datafield ind2=" " ind1=" " tag="720">
      <subfield code="a">Perales Vallejo, Manuel Jesús</subfield>
      <subfield code="e">author</subfield>
   </datafield>
   <datafield ind2=" " ind1=" " tag="260">
      <subfield code="c">2022</subfield>
   </datafield>
   <datafield ind2=" " ind1=" " tag="520">
      <subfield code="a">Sierra Bermeja es uno de los ecosistemas mediterráneos de mayor diversidad medio&#xd;
ambiental y uno de los mayores entornos con un afloramiento ultramáfico en su superficie.&#xd;
Pero, este frágil entorno serpentínico ha entrado, desde mediados de los años setenta, en una&#xd;
dinámica negativa basada en el completo abandono de estas sierras, con el consiguiente,&#xd;
aumento medio de incendios forestales. Por lo tanto, el presente estudio se centra en el incendio producido el 8 de septiembre&#xd;
de 2021 en Sierra Bermeja y que conllevó la destrucción de 8.401 hectáreas en su superficie,&#xd;
estableciéndose como unos de los primeros incendios de sexta generación de España. El&#xd;
objetivo principal de este estudio es realizar un análisis eco-geomorfológico del incendio&#xd;
Bermejense, apoyado sobre una evolución de los históricos incendios producidos en este&#xd;
macizo desde el año 1950 hasta la actualidad, una dinámica territorial que demuestre ese&#xd;
crecimiento negativo y la aplicación de técnicas de teledetección especial. Todo esto, para&#xd;
cotejar un amplio análisis del incendio y así poder mostrar una idea aproximada de la afección&#xd;
provocada por este y marcar las potencialidades que han quedado completamente calcinadas.</subfield>
   </datafield>
   <datafield ind1="8" ind2=" " tag="024">
      <subfield code="a">https://hdl.handle.net/10630/25277</subfield>
   </datafield>
   <datafield tag="653" ind2=" " ind1=" ">
      <subfield code="a">Ecosistemas mediterráneos</subfield>
   </datafield>
   <datafield ind2="0" ind1="0" tag="245">
      <subfield code="a">Eco-geomorfología del incendio forestal de Sierra Bermeja 2021</subfield>
   </datafield>
</record>
</metadata></record></GetRecord></OAI-PMH>